Manga krok za krokem : cvičebnice /

Hlavní autor: Keck, Gecko, 1967-
Další autoři: Navrátilová, Lucie
Jazyk: Čeština
Vydáno: Ostrava : Bookmedia, 2023-
Edice: Topp (Bookmedia)
Témata:
Fyzický popis: ^^^svazků : ilustrace (některé barevné) ; 28 cm
Odebírané svazky: 1-2
Knihy
Uloženo v:
LEADER 02580nam a2200709 ia4500
001 nkc20243600202
003 CZ PrNK
005 20240507145141.0
007 ta
008 240408m20239999xr a c f 000 0 cze
015 |a cnb003600202  |z cnb003523199  |z cnb003586693 
020 |a 978-80-7639-153-6  |q (1 ;  |q brožováno) 
020 |a 978-80-7639-218-2  |q (2 ;  |q brožováno) 
035 |a (OCoLC)1396732423 
040 |a ABA001  |b cze  |e rda 
041 1 |a cze  |h ger 
072 7 |a 74  |x Kresba. Umělecká řemesla  |2 Konspekt  |9 21 
072 7 |a 0/9-053.2  |x Literatura pro děti a mládež (naučná)  |2 Konspekt  |9 26 
080 |a 741.52  |2 MRF 
080 |a 741  |2 MRF 
080 |a 741.02  |2 MRF 
080 |a (035)  |2 MRF 
080 |a (076.1)  |2 MRF 
080 |a (0.053.6)  |2 MRF 
100 1 |a Keck, Gecko,  |d 1967-  |7 pna20231188607  |4 aut  |4 ill 
240 1 0 |a Manga step by step Übungsbuch.  |l Česky 
245 1 0 |a Manga krok za krokem :  |b cvičebnice /  |c Gecko Keck ; překlad Lucie Navrátilová 
264 1 |a Ostrava :  |b Bookmedia,  |c 2023- 
300 |a ^^^svazků :  |b ilustrace (některé barevné) ;  |c 28 cm 
336 |a text  |b txt  |2 rdacontent 
336 |a statický obraz  |b sti  |2 rdacontent 
337 |a bez média  |b n  |2 rdamedia 
338 |a svazek  |b nc  |2 rdacarrier 
490 1 |a Topp 
500 |a Přeloženo z němčiny 
500 |a Název z obálky 
505 0 |a [1]. 2023. 63 stran -- 2. Kreslete ve stylu šódžo, šónen a chibi. 2024. 64 stran 
650 0 7 |a manga  |7 ph527859  |2 czenas 
650 0 7 |a kreslení  |7 ph121945  |2 czenas 
650 0 7 |a kreslířské techniky  |7 ph135189  |2 czenas 
650 0 9 |a manga  |2 eczenas 
650 0 9 |a drawing  |2 eczenas 
650 0 9 |a drawing techniques  |2 eczenas 
655 7 |a příručky  |7 fd133209  |2 czenas 
655 7 |a pracovní sešity  |7 fd133116  |2 czenas 
655 7 |a publikace pro mládež  |7 fd133157  |2 czenas 
655 9 |a handbooks and manuals  |2 eczenas 
655 9 |a activity books  |2 eczenas 
655 9 |a juvenile literature  |2 eczenas 
700 1 |a Navrátilová, Lucie  |7 pag2008464147  |4 trl 
830 0 |a Topp (Bookmedia)  |0 s 
910 2 |a BOA001  |b 3-1510.881  |s 1-2 
920 |a 016020004270944  |z ULG001 
920 |a 1602973  |z KLG001 
920 |a nkc20233523199 
920 |a nkc20243586693 
920 |a 001867971 
990 |a BK 
995 |a 01 
991 |b 202404  |c NOV 
996 6 |b 2610946258  |c 3-1510.881  |d 1. díl  |v 1  |l MZK  |r Sklad / do 1 hodiny  |n 1  |p p.v.  |w 001959813  |u 000020  |a 1  |e BOA001  |j MZK50  |s P 
996 6 |b 2610966299  |c 3-1510.881  |d 2. díl  |v 2  |l MZK  |r Sklad / do 1 hodiny  |n 0  |p p.v.  |w 001959813  |u 000030  |a 1  |e BOA001  |j MZK50  |s P